| 000 -LEADER |
| fixed length control field |
00902nam a2200229Ia 4500 |
| 001 - CONTROL NUMBER |
| control field |
13356 |
| 003 - CONTROL NUMBER IDENTIFIER |
| control field |
GE_BSU |
| 005 - DATE AND TIME OF LATEST TRANSACTION |
| control field |
20240906170201.0 |
| 008 - FIXED-LENGTH DATA ELEMENTS--GENERAL INFORMATION |
| fixed length control field |
181216s2013||||ru |||||||||||||| ||rus|| |
| 020 ## - INTERNATIONAL STANDARD BOOK NUMBER |
| International Standard Book Number |
97859060164 |
| 040 ## - CATALOGING SOURCE |
| Transcribing agency |
GE_BSU |
| 080 ## - UNIVERSAL DECIMAL CLASSIFICATION NUMBER |
| Universal Decimal Classification number |
28 А-79 |
| 100 ## - MAIN ENTRY--PERSONAL NAME |
| Personal name |
Араби, Ибн |
| 9 (RLIN) |
23178 |
| 245 ## - TITLE STATEMENT |
| Title |
Избранное т. 2. : |
| Remainder of title |
Философская мысль исламского мира / |
| Statement of responsibility, etc. |
Ибн Араби ; Переводы с арабск. вводн. статья и коммент. А. В. Смирнова. |
| 264 ## - PRODUCTION, PUBLICATION, DISTRIBUTION, MANUFACTURE, AND COPYRIGHT NOTICE |
| Place of production, publication, distribution, manufacture |
Москва : |
| Name of producer, publisher, distributor, manufacturer |
ООО Садра, |
| Date of production, publication, distribution, manufacture, or copyright notice |
2014. |
| 300 ## - PHYSICAL DESCRIPTION |
| Extent |
398 стр. ; |
| Dimensions |
21 см. |
| 440 ## - SERIES STATEMENT/ADDED ENTRY--TITLE |
| Title |
Языки славянской культуры |
| 9 (RLIN) |
23179 |
| 653 ## - INDEX TERM--UNCONTROLLED |
| keyword |
Избранное |
| 653 ## - INDEX TERM--UNCONTROLLED |
| keyword |
Философская мысль исламского мира |
| 653 ## - INDEX TERM--UNCONTROLLED |
| keyword |
Языки славянской культуры |
| 942 ## - ADDED ENTRY ELEMENTS (KOHA) |
| Koha item type |
წიგნი |
| Source of classification or shelving scheme |
|